000 00524nam a2200193Ia 4500
001 14793
003 IN-NITTTR
005 20251114233139.0
008 251113s9999||||xx |||||||||||||| ||eng||
040 _beng
040 _cIN-NITTTR
041 _aeng
082 _a621.38195 S19C
100 _aSiewiorek, Daniel P.
245 0 _aComputer structures :
_b principles and examples /
_cSiewiorek, Daniel P., Bell, C. Gordon., Newell, Allen
700 _a Bell, C. Gordon.
700 _a Newell, Allen
942 _2ddc
_cBK
999 _c17429
_d17429